Normal view
MARC view
Entry Topical Term
001 - CONTROL NUMBER
- control field: 32276
003 - CONTROL NUMBER IDENTIFIER
- control field: ARRUPE
005 - DATE AND TIME OF LATEST TRANSACTION
- control field: 20170608091043.0
008 - FIXED-LENGTH DATA ELEMENTS
- fixed length control field: 170608|| aca||aabn | a|a d
040 ## - CATALOGING SOURCE
- Original cataloging agency: ARRUPE
- Transcribing agency: ARRUPE
150 ## - HEADING--TOPICAL TERM
- Topical term or geographic name as entry element: Spiritual exercises
- General subdivision: Criticism
670 ## - SOURCE DATA FOUND
- Source citation: Work cat.: (ARRUPE): Fitzmyer, Joseph A. 32275, Spiritual exercises based on Paul's epistle to the Romans, 1995